The annotated criminal offences act of Ghana. / (Record no. 7643)
[ view plain ]
| 000 -LEADER | |
|---|---|
| fixed length control field | 01351nam a22002177a 4500 |
| 003 - CONTROL NUMBER IDENTIFIER | |
| control field | OSt |
| 005 - DATE AND TIME OF LATEST TRANSACTION | |
| control field | 20210607150029.0 |
| 008 - FIXED-LENGTH DATA ELEMENTS--GENERAL INFORMATION | |
| fixed length control field | 140917b xxu||||| |||| 00| 0 eng d |
| 020 ## - INTERNATIONAL STANDARD BOOK NUMBER | |
| International Standard Book Number | 9964960182 |
| 040 ## - CATALOGING SOURCE | |
| Transcribing agency | LC |
| 050 ## - LIBRARY OF CONGRESS CALL NUMBER | |
| Classification number | KRX4604.3196.M46 |
| 100 ## - MAIN ENTRY--PERSONAL NAME | |
| Personal name | Mensa-Bonsu, Henrietta J.A.N. |
| 245 ## - TITLE STATEMENT | |
| Title | The annotated criminal offences act of Ghana. / |
| Statement of responsibility, etc. | Henrietta J.A.N. Mensa-Bonsu |
| 250 ## - EDITION STATEMENT | |
| Edition statement | 5th ed. |
| 260 ## - PUBLICATION, DISTRIBUTION, ETC. | |
| Place of publication, distribution, etc. | Accra: |
| Name of publisher, distributor, etc. | Black Mask, |
| Date of publication, distribution, etc. | 2008. |
| 300 ## - PHYSICAL DESCRIPTION | |
| Extent | xxxiv, 258 p.: |
| 490 ## - SERIES STATEMENT | |
| Series statement | Criminal Law Series |
| 505 ## - FORMATTED CONTENTS NOTE | |
| Formatted contents note | Contents: Preliminary matters -- General explanations -- Attempts to commit criminal offences -- Abetment and conspiracy -- General exemptions -- Justification force and harm -- Murder and related offences -- Criminal harm to the person -- Assault and similar offences -- Kidnapping, abduction and similar offences -- Sexual offences -- Offences involving dishonesty -- Forgery -- Unlawful damage -- Special offences -- Offences against the security of the state -- Privacy -- Offences against the peace -- Offences concerning the administration of justice -- Offences relating to public officers and to public elections -- Bigamy and similar offences -- Offences against public morals -- Public nuisance -- Offences relating to animals -- Miscellaneous offences -- |
| 653 ## - INDEX TERM--UNCONTROLLED | |
| Uncontrolled term | Criminal law -- Ghana |
| 942 ## - ADDED ENTRY ELEMENTS (KOHA) | |
| Source of classification or shelving scheme | Library of Congress Classification |
| Koha item type | Books |
| Withdrawn status | Lost status | Source of classification or shelving scheme | Damaged status | Not for loan | Home library | Current library | Shelving location | Date acquired | Full call number | Barcode | Date last seen | Copy number | Price effective from | Koha item type |
|---|---|---|---|---|---|---|---|---|---|---|---|---|---|---|
| Library of Congress Classification | WISCONSIN INTERNATIONAL UNIVERSITY COLLEGE, GHANA KUMASI LIBRARY | WISCONSIN INTERNATIONAL UNIVERSITY COLLEGE, GHANA KUMASI LIBRARY | Law Library | 20/08/2019 | KRX4604.3196.M46(5e) | KSL/038/19 | 07/06/2021 | 1 | 07/06/2021 | Books | ||||
| Library of Congress Classification | WISCONSIN INTERNATIONAL UNIVERSITY COLLEGE, GHANA KUMASI LIBRARY | WISCONSIN INTERNATIONAL UNIVERSITY COLLEGE, GHANA KUMASI LIBRARY | Law Library | 20/08/2019 | KRX4604.3196.M461(5e) | KSL/039/19 | 07/06/2021 | 2 | 07/06/2021 | Books |
